HARPER'S ILLUSTRATED BIOCHEMISTRY (Record no. 6628)

MARC details
000 -LEADER
fixed length control field 00362nam a2200145Ia 4500
008 - FIXED-LENGTH DATA ELEMENTS--GENERAL INFORMATION
fixed length control field 150301s2012 xx 000 0 und d
082 ## - DEWEY DECIMAL CLASSIFICATION NUMBER
Classification number 612.015
Item number H12M
100 ## - MAIN ENTRY--PERSONAL NAME
Personal name MURRAY, ROBERT K.
245 ## - TITLE STATEMENT
Title HARPER'S ILLUSTRATED BIOCHEMISTRY
250 ## - EDITION STATEMENT
Edition statement 29TH
260 ## - PUBLICATION, DISTRIBUTION, ETC. (IMPRINT)
Name of publisher, distributor, etc. MC GRAW HILL
Place of publication, distribution, etc. NEW YORK
Date of publication, distribution, etc. 2012
300 ## - PHYSICAL DESCRIPTION
Extent 818
650 ## - SUBJECT ADDED ENTRY--TOPICAL TERM
Topical term or geographic name as entry element BIOCHEMISTRY
942 ## - ADDED ENTRY ELEMENTS (KOHA)
Source of classification or shelving scheme Dewey Decimal Classification
Koha item type Books
Koha issues (borrowed), all copies 8
Holdings
Withdrawn status Lost status Source of classification or shelving scheme Damaged status Not for loan Collection code Home library Current library Shelving location Date acquired Source of acquisition Cost, normal purchase price SGTU Bill Number Total Checkouts Full call number Barcode Date last seen Date last checked out Bill Date Koha item type
    Dewey Decimal Classification     MEDICAL SGT Medical Library SGT Medical Library Reference Book 02/07/2015 ABC DELHI 0.00 SGTU 4960 3 612.015 H12M FM6703 27/01/2026 15/01/2026 25/10/2014 Books
    Dewey Decimal Classification     MEDICAL SGT Medical Library SGT Medical Library Reference Book 02/07/2015 ABC DELHI 0.00 SGTU 4960 13 612.015 H12M FM6704 14/01/2026 23/12/2025 25/10/2014 Books
    Dewey Decimal Classification     MEDICAL SGT Medical Library SGT Medical Library Text Book 02/07/2015 ABC DELHI 0.00 SGTU 4960 17 612.015 H12M FM6705 17/03/2026 17/03/2026 25/10/2014 Books